00000000cam 2200000zi 4500
0019.950724
003CaOODSP
00520260529084150
006m     o  d f      
007cr cn|||||||||
008250501e202505##onc     o    f000 0 eng d
020 |a9780660771182
040 |aCaOODSP|beng|erda|cCaOODSP
043 |an-cn---
045 |ay2y2
0861 |aP114-29/2025E-PDF
24500|aFollow-up report to the 2020-2021 procurement practice review of the Royal Canadian Mounted Police / |cOffice of the Procurement Ombud.
264 1|aOttawa, ON : |bGovernment of Canada, Office of the Procurement Ombud = Gouvernement du Canada, Bureau de l'ombud de l'approvisionnement, |cMay 2025.
300 |a1 online resource (12 pages)
336 |atext|btxt|2rdacontent
337 |acomputer|bc|2rdamedia
338 |aonline resource|bcr|2rdacarrier
500 |aIssued also in French under title: Rapport de suivi concernant l'examen des pratiques d'approvisionnement de la Gendarmerie royale du Canada de 2020-2021.
61020|aRoyal Canadian Mounted Police|xProcurement|xEvaluation.
7101 |aCanada. |bOffice of the Procurement Ombud, |eissuing body.
77508|tRapport de suivi concernant l'examen des pratiques d'approvisionnement de la Gendarmerie royale du Canada de 2020-2021 / |w(CaOODSP)9.950725
85640|qPDF|s383 KB|uhttps://publications.gc.ca/collections/collection_2026/spac-pspc/P114-29-2025-eng.pdf
8564 |qHTML|sN/A|uhttps://opo-boa.gc.ca/praapp-prorev/2025/suivi-followup-grc-rcmp-eng.html